| 000 | 00958nas a2200289 4500 | ||
|---|---|---|---|
| 001 | BR0905556 | ||
| 003 | BR-BrBNA | ||
| 005 | 20231205113716.0 | ||
| 007 | ta | ||
| 008 | 230509b bl.|||p| |||| 00| 00por d | ||
| 040 |
_aBR-BrBNA _bpor _cBiblioteca Nacional de Agricultura |
||
| 041 | _a(Pt) | ||
| 072 | _aL02; L01; P40 | ||
| 100 | 1 | _aSilva, V.K. | |
| 100 | 1 | _aSilva, J.D.T. da | |
| 100 | 1 | _aGravena, R.A. | |
| 100 | 1 | _aMarques, R.H. | |
| 100 | 1 | _aHada, F.H. | |
| 100 | 1 | _aMoraes, V.M.B. de | |
| 245 | 1 | _aDesempenho de frangos de corte de 1 a 21 dias de idade alimentados com rações contendo extrato de leveduras e prebiótico e criados em diferentes temperaturas | |
| 650 | _aFRANGO DE CORTE | ||
| 650 | _aNUTRIÇÃO ANIMAL | ||
| 650 | _aTEMPERATURA | ||
| 773 | 0 |
_tRevista Brasileira de Zootecnia (Brazil) _xISSN 1516-3598 _g(Apr 2009), v. 38(4) p. 690-696 _wBR0905556 |
|
| 909 |
_a202311 _bLúcia _c55 _dLúcia Elande |
||
| 942 |
_2AGRIS _n0 _cANA |
||
| 999 |
_c205168 _d205168 |
||